000 00609nam a22002177a 4500
999 _c172180
_d172180
003 dpl
005 20200128160050.0
008 200128b ||||| |||| 00| 0 eng d
010 _aB-129784
020 _a0195666224
_c475.00
040 _c0
050 _aN
_bDIV
082 _aN
_bDIV
100 _aDiver, Maud
245 _aLilamani
_bA Study In Possibilities/
_cMaud Diver
_hEN
260 _aNew Delhi
_bOxford University Press
_c2004
270 _aYMCA Library Building
_bNew Delhi
_dIndia
_e110001
300 _a363p.
_c18cms.
700 _aEd. by Crane, Ralph
942 _2ddc
_cEN
_hN
_iDIV
_kN
_mDIV